000 00478nam a2200181 a 4500
001 BRCA_2552
005 20190320203848.0
008 261108s1948----enka---###---#000-0#eng-u
050 4 _aNK4225
_b.L36 1948
100 1 _aLane, Edward Arthur
_97303
245 1 0 _aStyle in pottery
_cEdward Arthur Lane.
260 _aLondon
_bOxford University
_c1948
300 _a63 p.
_bil., 36 láminas
_c19 cm.
500 _aA33
650 1 4 _aCerámica
_91200
902 _aGFM
942 _2lcc
_cB
999 _c2292
_d2292